Countries that are in NATO, but Not the EU - Statistics

General Stats
  • This quiz has been taken 70 times
    66 since last reset
  • The average score is 8 of 9
Answers on the Map
Answers color-coded by a green-red scale on the quiz's map according to % correct below.
 
Answer Stats
Answer % Correct
Canada
100%
United States
100%
United Kingdom
95%
Iceland
89%
Norway
89%
Turkey
87%
Albania
77%
North Macedonia
73%
Montenegro
68%
No matching quizzes found
Score Distribution
Percent of People with Each Score
Percentile by Number Answered
Your Score History
You have not taken this quiz since the last reset